Countries with Breeding Populations of White Storks - Statistics

General Stats
  • This quiz has been taken 28 times
  • The average score is 41 of 51
Answer Stats
Estimated Breeding Pairs Country % Correct
6,000 - 7,000 Germany
96%
55,000 - 60,000 Poland
96%
9,000 - 10,000 (includes both nominate and asiatica ssp) Russia
96%
2,500 - 3,000 Austria
92%
2,500 - 3,000 Czech Republic
92%
1,200 - 1,500 France
92%
2,500 - 3,000 Italy
92%
28,000 - 36,000 Spain
92%
1,000 - 3,000 Ukraine
92%
6,000 - 7,000 Belarus
88%
11,000 - 13,000 Hungary
88%
8,000 - 12,000 Portugal
88%
3,000 - 4,000 Romania
88%
3,300 - 3,500 Slovakia
88%
700 - 900 Slovenia
88%
10 - 20 Armenia
84%
500 - 600 Azerbaijan
84%
800 - 1,000 Estonia
84%
1 - 2 Finland
84%
150 - 200 Georgia
84%
800 - 1,000 (c. c. asiatica) Iran
84%
10 - 20 Kosovo
84%
4,100 - 4,300 Latvia
84%
12,000 - 13,000 Lithuania
84%
200 - 300 North Macedonia
84%
2,000 - 2,500 Serbia
84%
320 - 360 Switzerland
84%
Confirmed annual breeding (no reliable data estimates) Syria
84%
3,500 - 4,000 Turkey
84%
180 - 210 Belgium
80%
1,000 - 2,000 Bosnia and Herzegovina
80%
1,200 - 1,700 Bulgaria
80%
5 - 15 Denmark
80%
1,500 - 3,000 Greece
80%
80 - 100 Lebanon
80%
150 - 200 Moldova
80%
500 - 600 Montenegro
80%
50 - 100 Albania
76%
2,000 - 2,500 Croatia
76%
4,000 - 4,500 Israel
76%
15 - 25 Netherlands
76%
Confirmed annual breeding (no reliable data estimates) Algeria
72%
3,000 - 3,500 Morocco
72%
Confirmed annual breeding (no reliable data estimates) Tunisia
72%
1,000 - 2,500 (c. c. asiatica) China
68%
50 - 100 (c. c. asiatica) Kazakhstan
68%
1 - 3 Luxembourg
68%
50 - 60 Jordan
64%
25 - 30 Cyprus
60%
400 - 500 (c. c. asiatica) Uzbekistan
60%
20 - 40 South Africa
12%
No matching quizzes found
Score Distribution
Percent of People with Each Score
Percentile by Number Answered
Your Score History
You have not taken this quiz